=LDR 00000nam 2200000 4500 =001 INLIS000000000023061 =005 20130612121743 =008 ***********************************Ind** =035 ##$$a0010-061300000023061 =041 ##$$a Ind =082 ##$$a 540.07 =090 ##$$a 540.07, Pur-b =100 ##$$a Purba, Michael =245 ##$$a Buku pelajaran , Ilmu Kimia (Karbon) SMA, Michael Purba, Sarwono hadi =260 ##$$a 1991 $b Jakarta =300 ##$$a xi, 164 hlm., ilus, 21 cm =650 ##$$a Pelajaran Ilmu Kimia =850 ##$$a NBPNMAT =990 ##$$a 0001/BPAP-NTB/20142014